000 00406nam a2200133Ia 4500
008 231019s9999 xx 000 0 und d
082 _a657.42
_bZAH-M
100 _aDr.Zahid Mehmood, M.Arshad Awan,Khalid Latif & Sultam Mehmood
245 0 _aManual of Cost Accounting. Revised & Recommended
260 _aFaisalabad,Pakistan
_bKitab Markaz
_c2015-16
300 _a322
650 _aAccounting
999 _c34496
_d34496